Portugalscy sportowcy - nagła śmierć - Statystyki

Ogólne statystyki
  • Ten quiz został rozwiązany 52 razy
  • Średni wynik to 15 z 19
Answers on the Grid
Answers color-coded by a green-red scale on the quiz's grid according to % correct below.
Cristiano Ronaldo
Lucas Hernandez
Luís Figo
Thiago Silva
Pepe
Max Verstappen
Pedro Pichardo
David de Gea
Roberto Carlos
Rui Costa
Bruno Fernandes
Radamel Falcao
Flávio Paixão
Bernardo Silva
Rosa Mota
Tallón Griekspoor
João Félix
Casemiro
Nelson Évora
Lucas Moura
Rúben Dias
Leonardo Rocha
Gaël Monfils
Fernanda Ribeiro
Franz Wagner
Ricardo Quaresma
Richarlison
Fernando Alonso
João Moutinho
Zlatan Ibrahimović
Sergio Busquets
Rui Patrício
Telma Monteiro
Rafael Nadal
Josué
Carlos Tevez
 
Statystyki odpowiedzi
Odpowiedź % Poprawnych
Cristiano Ronaldo
100%
Luís Figo
96%
Pepe
89%
Bruno Fernandes
87%
Rui Costa
87%
João Félix
85%
João Moutinho
85%
Rúben Dias
85%
Rui Patrício
85%
Flávio Paixão
83%
Bernardo Silva
81%
Ricardo Quaresma
81%
Leonardo Rocha
77%
Telma Monteiro
70%
Pedro Pichardo
66%
Nelson Évora
64%
Fernanda Ribeiro
62%
Josué
62%
Rosa Mota
62%
Nie znaleziono quizów pasujących do podanych kryteriów
Rozkład punktacji
Procent ludzi z każdym wynikiem
Percentyl według liczby udzielonych odpowiedzi
Twoja historia wyników
Nie rozwiązałeś tego quizu